Footballeurs par lettre T - Statistiques

Statistiques générales
  • Ce quiz a été pris 139 fois
  • Le résultat moyen est 13 sur 18
Statistiques - réponses
Par images Réponse % Correct
Tchouameni
97%
Trezeguet
96%
Ter stegen
95%
Totti
94%
Thauvin
92%
Torres
90%
Trapp
89%
Tevez
87%
Touré
86%
Traoré
85%
Tagliafico
77%
Talisca
71%
Tomori
64%
Tadic
59%
Tavares
43%
Terrier
40%
Tsygankov
33%
Tardelli
2%
Aucun quiz correspondant
Distribution des résultats
% des personnes avec chaque résultat
Percentile par nombre de réponses
Votre historique - résultats
Vous n’avez pas pris ce quiz